5HLuxD.jpg

KING HENRY VIII SENIOR AND PRIMARY SCHOOL LIBRARY OPAC

Cambridge IGCSE English / (Record no. 2914)

000 -LEADER
fixed length control field 01328nam a22003252a 4500
001 - CONTROL NUMBER
control field 016446193
003 - CONTROL NUMBER IDENTIFIER
control field Uk
005 - DATE AND TIME OF LATEST TRANSACTION
control field 20230912081514.0
008 - FIXED-LENGTH DATA ELEMENTS--GENERAL INFORMATION
fixed length control field 121122s2013 enk j 000 0 eng d
020 ## - INTERNATIONAL STANDARD BOOK NUMBER
International Standard Book Number 9780007517053 (pbk.)
020 ## - INTERNATIONAL STANDARD BOOK NUMBER
International Standard Book Number 000751705X (pbk.)
040 ## - CATALOGING SOURCE
Original cataloging agency UK-WkNB
Language of cataloging eng
Transcribing agency UK-WkNB
Modifying agency KH8
082 04 - DEWEY DECIMAL CLASSIFICATION NUMBER
Classification number 428 GOU
Edition number 23
100 1# - MAIN ENTRY--PERSONAL NAME
Personal name Gould, Mike
Titles and words associated with a name (Children's story writer)
Relator term author.
245 10 - TITLE STATEMENT
Title Cambridge IGCSE English /
Statement of responsibility, etc. Mike Gould [et al.]; Series edited by Julia Burchell.
250 ## - EDITION STATEMENT
Edition statement revised edition
260 ## - PUBLICATION, DISTRIBUTION, ETC.
Place of publication, distribution, etc. London :
Name of publisher, distributor, etc. Collins Educational :
-- [distributor] HarperCollins Distribution Services :
-- [distributor] HarperCollins Publishers Pty Ltd :
-- [distributor] HarperCollins New Zealand :
-- [distributor] Book Promotions :
-- [distributor] HarperCollins Publishers Inc,
Date of publication, distribution, etc. 2013.
300 ## - PHYSICAL DESCRIPTION
Extent 319 pages :
Other physical details illustrations ;
Dimensions 27x19 cm.
336 ## - CONTENT TYPE
Content type term text
Source rdacontent
337 ## - MEDIA TYPE
Media type term unmediated
Source rdamedia
338 ## - CARRIER TYPE
Carrier type term volume
Source rdacarrier
366 ## - TRADE AVAILABILITY INFORMATION
Detailed date of publication 20130531
Availability status code IP 20130531
Publishers's discount category AHACP046
ISO country code GB
MARC country code xxk
Identification of agency HarperCollins Distribution Services
Source of availability status code UK-WkNB
500 ## - GENERAL NOTE
General note Paperback.
651 ## - SUBJECT ADDED ENTRY--GEOGRAPHIC NAME
Geographic name English language
Form subdivision Grammar and Vocabulary
700 1# - ADDED ENTRY--PERSONAL NAME
Personal name Burchell, Julia,
Relator term series editor.
700 1# - ADDED ENTRY--PERSONAL NAME
Personal name Dunn, Geraldine,
Relator term author.
700 1# - ADDED ENTRY--PERSONAL NAME
Personal name Eddy, Steve,
Relator term author.
700 1# - ADDED ENTRY--PERSONAL NAME
Personal name Brindle, Keith,
Relator term author.
942 ## - ADDED ENTRY ELEMENTS (KOHA)
Source of classification or shelving scheme
Koha item type Teaching Resources
Holdings
Withdrawn status Lost status Source of classification or shelving scheme Damaged status Not for loan Collection code Permanent Location Current Location Shelving location Date acquired Total Checkouts Full call number Barcode Date due Date last seen Date last checked out Price effective from Koha item type
          Teaching Resources KH8 Senior School Library KH8 Senior School Library Staff Office 2023-09-12 1 428 GOU TRKHSL002981 2025-07-04 2024-11-07 2024-11-07 2023-09-12 Teaching Resources

Powered By KH8 IT Dept